Temple architecture of eastern India / (Record no. 71747)

MARC details
000 -LEADER
campo de control de longitud fija 00951cam a2200301 a 4500
001 - NÚMERO DE CONTROL
campo de control 30307
005 - FECHA Y HORA DE LA ÚLTIMA TRANSACCIÓN
campo de control 20230410124133.0
008 - DATOS DE LONGITUD FIJA--INFORMACIÓN GENERAL
campo de control de longitud fija 050505s2005 ii a b 000 0 eng
035 ## - NÚMERO DE CONTROL DEL SISTEMA
Número de control de sistema 13952183
010 ## - NÚMERO DE CONTROL DE LA BIBLIOTECA DEL CONGRESO
Número de control de LC 2005320651
020 ## - NÚMERO INTERNACIONAL ESTÁNDAR DEL LIBRO
Número Internacional Estándar del Libro 8182900336
040 ## - FUENTE DE CATALOGACIÓN
Centro catalogador/agencia de origen DLC
Centro/agencia transcriptor DLC
042 ## - CÓDIGO DE AUTENTICACIÓN
Código de autenticación lcode
043 ## - CÓDIGO DE ÁREA GEOGRÁFICA
Código de área geográfica a-ii---
050 14 - SIGNATURA TOPOGRÁFICA DE LA BIBLIOTECA DEL CONGRESO
Número de clasificación NA 6007
Número de ítem K45t 2005
100 1# - ENTRADA PRINCIPAL--NOMBRE DE PERSONA
Nombre de persona Khare, Ajay.
245 10 - MENCIÓN DEL TÍTULO
Título Temple architecture of eastern India /
Mención de responsabilidad, etc. text, photographs, and drawings by Ajay Khare ; foreword by George Michell.
250 ## - MENCION DE EDICION
Mención de edición 1st ed.
260 ## - PUBLICACIÓN, DISTRIBUCIÓN, ETC.
Lugar de publicación, distribución, etc. Gurgaon :
Nombre del editor, distribuidor, etc. Shubhi Publications,
Fecha de publicación, distribución, etc. 2005.
300 ## - DESCRIPCIÓN FÍSICA
Extensión 212 p. :
Otras características físicas ill. (some col.) ;
Dimensiones 31 cm.
504 ## - NOTA DE BIBLIOGRAFÍA, ETC.
Nota de bibliografía, etc. Includes bibliographical references (p. 208-212).
650 #0 - PUNTO DE ACCESO ADICIONAL DE MATERIA--TÉRMINO DE MATERIA
Término de materia o nombre geográfico como elemento de entrada Temples, Hindu
Subdivisión geográfica India, Northeastern.
650 #0 - PUNTO DE ACCESO ADICIONAL DE MATERIA--TÉRMINO DE MATERIA
Término de materia o nombre geográfico como elemento de entrada Architecture, Hindu
Subdivisión geográfica India, Northeastern.
650 #0 - PUNTO DE ACCESO ADICIONAL DE MATERIA--TÉRMINO DE MATERIA
Término de materia o nombre geográfico como elemento de entrada Architecture
Subdivisión general Details
925 0# -
-- acquire
-- 1 shelf copy
-- policy default
942 ## - ELEMENTOS DE ENTRADA SECUNDARIOS (KOHA)
Fuente del sistema de clasificación o colocación Clasificación de Library of Congress
Tipo de ítem Koha
985 ## -
-- ODE-nd
Holdings
Estatus retirado Estado de pérdida Fuente del sistema de clasificación o colocación Estado de daño No para préstamo Colección Biblioteca de origen Biblioteca actual Ubicación en estantería Fecha de adquisición Serial enumeration / chronology Signatura topográfica completa Código de barras Visto por última vez Copia número Tipo de ítem Koha
    Clasificación de Library of Congress     Humanidades Biblioteca Juan Bosch Biblioteca Juan Bosch Humanidades (4to. Piso) 10/04/2023 1 NA 6007 K45t 2005 00000029481 25/10/2018 1